Bilecik Bilecik Bilecik Bilecik Bilecik

Takvîmü't-Tevarih : (Record no. 43345)

MARC details
000 -BAŞLIK
Sabit Uzunluktaki Kontrol Alanı 01506nam a22004337a 4500
001 - KONTROL NUMARASI
Control Dosyası 0043528
003 - KONTROL NUMARASI KİMLİĞİ
Kontrol Alanı KOHA_MİRAKIL
005 - EN SON İŞLEM TARİHİ ve ZAMANI
Kontrol Alanı 20260207003352.0
007 - FİZİKSEL TANIM SABİT ALAN - GENEL BİLGİ
Sabit uzunluklu kontrol alanı ta
008 - SABİT UZUNLUKTAKİ VERİ ÖGELERİ - GENEL BİLGİ
Sabit Alan 130730b2009 tu a|||gr||||#||||0|xxx |
020 ## - ISBN - ULUSLARARASI STANDART KİTAP NUMARASI
Isbn 9789751622297
040 ## - KATALOGLAMA KAYNAĞI
Özgün Kataloglama Kurumu TR-BiSEU
Kataloglama Dili tur
Çeviri Kurumu TR-BiSEU
Açıklama Kuralları rda
041 0# - DİL KODU
Metin ya da ses kaydının dil kodu xxx
044 ## - YAYINLAYAN/ÜRETEN KURULUŞUN ÜLKE KODU
ISO country code tu
050 ## - SINIFLAMA ve YER NUMARASI
Sınıflama Numarası D20
Yer Numarası .K38 2009
100 0# - KİŞİ ADI
Yazar Adı (Kişi adı) Kâtip Çelebi.
245 1# - ESER ADI BİLDİRİMİ
Başlık Takvîmü't-Tevarih :
Alt Eseradı vb. indeksli tıpkıbasım/
Sorumluluk Bildirimi Kâtip Çelebi ; Kâtip Çelebi.
264 #1 - ÜRERİM, YAYIN, DAĞITIM ve TELİF BİLDİRİMİ
Yayın yeri Ankara :
Yayınlayan Türk tarih kurumu
Yayın tarihi 2009
300 ## - FİZİKSEL TANIMLAMA
Sayfa, Cilt vb. VII, 242 sayfa :
Diğer fiziki detaylar resimli ;
Boyutları 29 cm.
336 ## - İÇERİK TÜRÜ
Content type term metin
Content type code txt
Source rdacontent
337 ## - MEDYA TÜRÜ
Media type term aracısız
Media type code n
Source rdamedia
338 ## - TAŞIYICI TÜRÜ
Carrier type term cilt
Carrier type code nc
Source rdacarrier
490 1# - DİZİ BİLDİRİMİ
Dizi Bildirimi Türk Tarih Kurumu yayınları ;
Cilt Numarası I.
490 1# - DİZİ BİLDİRİMİ
Dizi Bildirimi Dizi ;
Cilt Numarası Sayı 2.
650 #0 - KONU BAŞLIĞI EK GİRİŞ - KONU TERİMİ
Konusal terim veya coğrafi ad Tarih, Çeşitli--Kronolojik.
9 (RLIN) 81141
650 #0 - KONU BAŞLIĞI EK GİRİŞ - KONU TERİMİ
Konusal terim veya coğrafi ad World history--Early works to 1800.
9 (RLIN) 27752
650 #0 - KONU BAŞLIĞI EK GİRİŞ - KONU TERİMİ
Konusal terim veya coğrafi ad Dünya tarihi--Kronoloji.
9 (RLIN) 81142
650 #0 - KONU BAŞLIĞI EK GİRİŞ - KONU TERİMİ
Konusal terim veya coğrafi ad Dünya Tarihi--1800 Öncesi Çalışmala.
9 (RLIN) 81143
650 #0 - KONU BAŞLIĞI EK GİRİŞ - KONU TERİMİ
Konusal terim veya coğrafi ad Dünya Tarihi.
9 (RLIN) 55022
650 #0 - KONU BAŞLIĞI EK GİRİŞ - KONU TERİMİ
Konusal terim veya coğrafi ad World history.
9 (RLIN) 12602
650 #0 - KONU BAŞLIĞI EK GİRİŞ - KONU TERİMİ
Konusal terim veya coğrafi ad Dünya tarihi--Kronolojiler.
9 (RLIN) 81144
650 #0 - KONU BAŞLIĞI EK GİRİŞ - KONU TERİMİ
Konusal terim veya coğrafi ad Dünya tarihi--Kronoloji.
9 (RLIN) 81142
650 #0 - KONU BAŞLIĞI EK GİRİŞ - KONU TERİMİ
Konusal terim veya coğrafi ad Calender, Islamic--Conversion tables.
9 (RLIN) 81145
650 #0 - KONU BAŞLIĞI EK GİRİŞ - KONU TERİMİ
Konusal terim veya coğrafi ad Islamic Empire--Kings and rulers--Early works to 1800.
9 (RLIN) 81146
650 #0 - KONU BAŞLIĞI EK GİRİŞ - KONU TERİMİ
Konusal terim veya coğrafi ad Islamic Empire--Kings and rulers
9 (RLIN) 81147
830 1# - SERİ EK GİRİŞİ - TEKBİÇİM ESER ADI
Tekbiçim Başlık Türk Tarih Kurumu yayınları ;
Volume number/sequential designation I.
9 (RLIN) 6704
830 1# - SERİ EK GİRİŞİ - TEKBİÇİM ESER ADI
Tekbiçim Başlık Dizi ;
Volume number/sequential designation Sayı 2.
9 (RLIN) 7338
942 ## - EK GİRİŞ ÖGELERİ (KOHA)
Source of classification or shelving scheme Library of Congress Classification
Koha item type Book
Holdings
Materyal Türü Kalıcı Konum Mevcut Konum Raf Yeri Sınıflandırma Kaynağı Edinim Bilgisi Ana Konular Alt Konular Yer Numarası Demirbaş Numarası Fatura Tarihi Maliyet, Alış Fiyatı Maliyet, Yenileme Fiyatı Geri Çekilme Durumu Kayıp Durumu Hasarlı Durumu Kredi için değil Kayıt Tarih Toplam Ödünçverme Son Görülme Tarihi Son Kontrol Tarihi Satın Alma Notu
Book Prof. Dr. Azmi Özcan Kütüphanesi Prof. Dr. Azmi Özcan Kütüphanesi Uluğbey Salonu Library of Congress Classification Satın DÜNYA TARİHİ (AVRUPA, ASYA, AFRİKA VB.) Tarih (Genel) D20 .K38 2009 0043528 24/09/2013 25.76 25.76         30/07/2013 1 05/12/2024 05/12/2024 73291-73383 (92 sayfa)